<?xml version="1.0" encoding="UTF-8"?>
<record
    xmlns:xsi="http://www.w3.org/2001/XMLSchema-instance"
    xsi:schemaLocation="http://www.loc.gov/MARC21/slim http://www.loc.gov/standards/marcxml/schema/MARC21slim.xsd"
    xmlns="http://www.loc.gov/MARC21/slim">

  <leader>03455nam a2200301Ia 4500</leader>
  <controlfield tag="003">gtgcusco</controlfield>
  <controlfield tag="005">20251030092255.0</controlfield>
  <controlfield tag="008">250923t2023||||xx |||||||||||||| ||spa||</controlfield>
  <datafield tag="040" ind1=" " ind2=" ">
    <subfield code="a">gtgcusco</subfield>
    <subfield code="b">spa</subfield>
    <subfield code="c">gtgcusco</subfield>
    <subfield code="d">gtgcusco</subfield>
  </datafield>
  <datafield tag="041" ind1=" " ind2=" ">
    <subfield code="a">spa</subfield>
  </datafield>
  <datafield tag="084" ind1=" " ind2=" ">
    <subfield code="a">EPS859</subfield>
  </datafield>
  <datafield tag="100" ind1=" " ind2=" ">
    <subfield code="a">T&#xFA;n Camey, &#xC1;ngel Aaron</subfield>
    <subfield code="9">18017</subfield>
  </datafield>
  <datafield tag="245" ind1=" " ind2="0">
    <subfield code="a">Informe Final Programa Ejercicio Profesional Supervisado realizado en la cl&#xED;nica dental Sicasa, San Miguel Pochuta, Chimaltenango, Guatemala. Mayo &#x2013; octubre 2022 y febrero &#x2013; abril 2023 /</subfield>
    <subfield code="c">&#xC1;ngel Aaron T&#xFA;n Camey. --</subfield>
  </datafield>
  <datafield tag="260" ind1=" " ind2=" ">
    <subfield code="a">Guatemala :</subfield>
    <subfield code="b">USAC,</subfield>
    <subfield code="c">2023.</subfield>
  </datafield>
  <datafield tag="300" ind1=" " ind2=" ">
    <subfield code="a">96 p. :</subfield>
    <subfield code="b">il. :</subfield>
    <subfield code="c">57 cm.</subfield>
  </datafield>
  <datafield tag="336" ind1=" " ind2=" ">
    <subfield code="a">texto</subfield>
    <subfield code="b">txt</subfield>
    <subfield code="2">rdacontenido</subfield>
  </datafield>
  <datafield tag="337" ind1=" " ind2=" ">
    <subfield code="a">Sin mediaci&#xF3;n</subfield>
    <subfield code="b">n</subfield>
    <subfield code="2">rdamedio</subfield>
  </datafield>
  <datafield tag="338" ind1=" " ind2=" ">
    <subfield code="a">volumen</subfield>
    <subfield code="b">nc</subfield>
    <subfield code="2">rdasoporte</subfield>
  </datafield>
  <datafield tag="502" ind1=" " ind2=" ">
    <subfield code="a">Ejercicio Profesional Supervisado (Cirujano Dentista) -- Universidad de San Carlos de Guatemala, Facultad de Odontolog&#xED;a. --</subfield>
  </datafield>
  <datafield tag="520" ind1=" " ind2=" ">
    <subfield code="a">El informe del ejercicio profesional supervisado (EPS) describe el trabajo realizado del 23 de mayo al 28 de octubre del 2022 y del 01 de febrero al 21 de abril de 2023, en la comunidad de San Miguel Pochuta Chimaltenango, en la cl&#xED;nica dental de SICASA. Los cursos son: Curso de administraci&#xF3;n del consultorio describe la forma en que se llev&#xF3; el control de todos los pacientes atendidos, la manera en que se organiz&#xF3; la cl&#xED;nica dental, as&#xED; tambi&#xE9;n la capacitaci&#xF3;n realizada al personal auxiliar mediante lecturas, evaluaciones y pr&#xE1;ctica cl&#xED;nica. En el curso de actividad cl&#xED;nica integrada se llev&#xF3; a cabo la atenci&#xF3;n cl&#xED;nica de personas que acud&#xED;an a la cl&#xED;nica dental en busca de servicios odontol&#xF3;gicos, describiendo los procedimientos dentales realizados a la poblaci&#xF3;n en general. Se realiz&#xF3; una investigaci&#xF3;n &#xFA;nica en el programa de EPS denominada: &#x201C;Uso y necesidad de pr&#xF3;tesis dental en pacientes consultantes a los servicios odontol&#xF3;gicos del programa ejercicio profesional supervisado&#x201D;, en la cual se evaluaron y recolectaron los datos de veinticinco personas voluntarias con alg&#xFA;n tipo de edentulismo, para posteriormente ser analizados. Se llevaron a cabo seis seminarios regionales y cinco de educaci&#xF3;n a distancia a trav&#xE9;s de foros educativos de temas relevantes de odontolog&#xED;a, as&#xED; como una reuni&#xF3;n virtual con algunos odont&#xF3;logos especialistas quienes nos compartieron sus conocimientos en su &#xE1;rea. El curso de prevenci&#xF3;n de enfermedades bucales se dividi&#xF3; en tres sub programas: el programa de barrido de sellantes de fosas fisuras, el programa de profilaxis y aplicaci&#xF3;n t&#xF3;pica de barniz fluorado, y el programa de educaci&#xF3;n en salud bucal, que se llevaron a cabo en la cl&#xED;nica dental de SICASA. Con respecto al curso de actividades comunitarias, se hace una descripci&#xF3;n de las mejoras realizadas en la cl&#xED;nica dental de SICASA, siendo estas: pintar la sala de espera, la reparaci&#xF3;n y mantenimiento del carro de controles, entre otros. Tambi&#xE9;n un proyecto comunitario realizado en la escuela primaria &#x201C;Villa de Guadalupe&#x201D; consistente en la remoci&#xF3;n de la antigua pila del &#xE1;rea de sanitarios y la instalaci&#xF3;n de una nueva.</subfield>
  </datafield>
  <datafield tag="650" ind1="0" ind2="2">
    <subfield code="a">Planificaci&#xF3;n en salud </subfield>
    <subfield code="9">3129</subfield>
  </datafield>
  <datafield tag="650" ind1="0" ind2="2">
    <subfield code="a">Caries dental </subfield>
    <subfield code="9">1280</subfield>
  </datafield>
  <datafield tag="650" ind1="0" ind2="2">
    <subfield code="a">Odontolog&#xED;a preventiva </subfield>
    <subfield code="9">833</subfield>
  </datafield>
  <datafield tag="650" ind1="0" ind2="2">
    <subfield code="a">Medicina socializada </subfield>
  </datafield>
  <datafield tag="650" ind1="0" ind2="2">
    <subfield code="a">Proceso de grupo</subfield>
    <subfield code="9">17962</subfield>
  </datafield>
  <datafield tag="856" ind1=" " ind2=" ">
    <subfield code="u">http://www.repositorio.usac.edu.gt/id/eprint/20034</subfield>
    <subfield code="z">Texto completo</subfield>
  </datafield>
  <datafield tag="942" ind1=" " ind2=" ">
    <subfield code="a">Biblioteca Facultad de Odontolog&#xED;a</subfield>
    <subfield code="c">EPS</subfield>
    <subfield code="k">EPS859</subfield>
    <subfield code="n">0</subfield>
    <subfield code="2">ddc</subfield>
  </datafield>
  <datafield tag="999" ind1=" " ind2=" ">
    <subfield code="c">9210</subfield>
    <subfield code="d">9210</subfield>
  </datafield>
  <datafield tag="952" ind1=" " ind2=" ">
    <subfield code="0">0</subfield>
    <subfield code="1">0</subfield>
    <subfield code="2">ddc</subfield>
    <subfield code="4">0</subfield>
    <subfield code="7">0</subfield>
    <subfield code="a">ODONTO</subfield>
    <subfield code="b">ODONTO</subfield>
    <subfield code="d">2023-10-15</subfield>
    <subfield code="e">Graduandos</subfield>
    <subfield code="g">50.00</subfield>
    <subfield code="i">10-H-s.n.</subfield>
    <subfield code="l">0</subfield>
    <subfield code="o">EPS 859 </subfield>
    <subfield code="p">T000006350</subfield>
    <subfield code="r">2025-10-15 08:39:11</subfield>
    <subfield code="t">1</subfield>
    <subfield code="y">EPS</subfield>
    <subfield code="z">Pr&#xE9;stamo externo</subfield>
  </datafield>
  <datafield tag="952" ind1=" " ind2=" ">
    <subfield code="0">0</subfield>
    <subfield code="1">0</subfield>
    <subfield code="2">ddc</subfield>
    <subfield code="4">0</subfield>
    <subfield code="7">0</subfield>
    <subfield code="a">ODONTO</subfield>
    <subfield code="b">ODONTO</subfield>
    <subfield code="c">1</subfield>
    <subfield code="d">2023-10-15</subfield>
    <subfield code="e">Graduandos</subfield>
    <subfield code="g">50.00</subfield>
    <subfield code="i">10-H-s.n.</subfield>
    <subfield code="l">0</subfield>
    <subfield code="o">EPS 859 </subfield>
    <subfield code="p">C00001581</subfield>
    <subfield code="r">2025-10-15 08:39:11</subfield>
    <subfield code="t">1</subfield>
    <subfield code="y">VM</subfield>
    <subfield code="z">Pr&#xE9;stamo en sala</subfield>
  </datafield>
</record>
